00501 a2200181 450000100060000002000170000604000240002310000230004724000270007024500220009730000070011936200090012644000250013565000310016094200070019195201040019899900170030270344 a978857406300 cAnchieta - Itaigara aSouza, Flávio de10aNove chapeuzinhoslpor10aNove chapeuzinhos a630 a2007 1aCompanhia das Letras 4aLiteratura infanto-juvenil cBK 00104070a88.1b88.1d2023-11-21l0o028.5 SOU NOVp3668/ITAr2023-11-21 20:05:19w2023-11-21yBK c70344d70344